000 00483nam a2200181Ia 4500
005 20260531145104.0
008 260531s9999 xx 000 0 und d
020 _a9780070146075
041 _aEnglish
082 _a681.3.425.2 HUB
100 _aHubbard (John R)
245 0 _aData Structures with Java
260 _bTata Mcgraw-Hill Education Private Limited
_aNew Delhi
_c2009
300 _bPaper Back
_aIR Pages
563 _aPaper Back
650 _a Java
942 _cBK
999 _c195032
_d195032